| 000 | 01130nam a2200253 a 4500 | ||
|---|---|---|---|
| 001 | 40592 | ||
| 003 | BD-RjUL | ||
| 005 | 20211209053239.0 | ||
| 008 | 160504s1994 bg ||||| |||| 00| 0 ben d | ||
| 020 | _c: Tk.320.00 | ||
| 035 | _a(BD-RjUL)40707 | ||
| 040 |
_aBD-RjUL _bben _cBD-RjUL |
||
| 041 | _aben | ||
| 082 |
_223 _a297.211 _bSAA 1994 |
||
| 100 |
_aসাটিয়ার, সেলিম _9124921 |
||
| 245 | 1 | 0 |
_aআল্লাহ্র অস্তিত্ব সম্পর্কে ধারণা = Conception about the existence of Allah / _cসেলিম সাটিয়ার |
| 260 |
_aরাজশাহী _bয়াসীন প্রকাশনী _c(১৯৯১-১৯৯৪) |
||
| 300 |
_a২ খণ্ড (১ম ও ২য় ) একত্রে ১ খণ্ডের মধ্যে ; _c২৭ সেমি. |
||
| 500 | _a" ২ খণ্ড (১ম ও ২য় ) একত্রে ১ খণ্ডের মধ্যে" | ||
| 504 | _aসহায়ক গ্রন্থপঞ্জি | ||
| 650 |
_aআল্লাহ _9124938 |
||
| 650 |
_aAllah _9124939 |
||
| 942 |
_2ddc _cBK |
||
| 999 |
_c40592 _d40592 |
||